Southville International School and Colleges
Your cart is empty.
  • Cart
  • Lists
    Public lists list_1 View all
    Your lists Log in to create your own lists
  • Log in to your account
  • Your cookies
  • Search history
Southville International School and Colleges
  • Advanced search
  • Recent comments
  • Most popular
  • Libraries

Log in to your account

Log in with GOOGLE


If you do not have an external account, but do have a local account, you can still log in:

  1. Home
  2. MARC view: The Philippine economy :
Normal view MARC view ISBD view

The Philippine economy : (Record no. 291294)

[ view plain ]
MARC details
000 -LEADER
fixed length control field 00662nam a2200253Ia 4500
008 - FIXED-LENGTH DATA ELEMENTS--GENERAL INFORMATION
fixed length control field 160303s9999 xx 000 0 und d
020 ## - INTERNATIONAL STANDARD BOOK NUMBER
International Standard Book Number 978-971-93507-1-2
050 ## - LIBRARY OF CONGRESS CALL NUMBER
Classification number FIL HC 455
050 ## - LIBRARY OF CONGRESS CALL NUMBER
Item number .A54 2007
100 ## - MAIN ENTRY--PERSONAL NAME
Personal name Angeles, Rey.
245 #4 - TITLE STATEMENT
Title The Philippine economy :
245 ## - TITLE STATEMENT
Remainder of title do our leaders have a clue? /
245 ## - TITLE STATEMENT
Statement of responsibility, etc Rey Angeles.
260 ## - PUBLICATION, DISTRIBUTION, ETC. (IMPRINT)
Place of publication, distribution, etc Quezon City:
260 ## - PUBLICATION, DISTRIBUTION, ETC. (IMPRINT)
Name of publisher, distributor, etc Natural Filipinas Corp.,
260 ## - PUBLICATION, DISTRIBUTION, ETC. (IMPRINT)
Date of publication, distribution, etc 2007
300 ## - PHYSICAL DESCRIPTION
Extent 249 pages :
300 ## - PHYSICAL DESCRIPTION
Other physical details illustrations ;
300 ## - PHYSICAL DESCRIPTION
Dimensions 23 cm.
650 ## - SUBJECT ADDED ENTRY--TOPICAL TERM
Topical term or geographic name as entry element Philippines --
650 ## - SUBJECT ADDED ENTRY--TOPICAL TERM
Topical term or geographic name as entry element Philippines --
650 ## - SUBJECT ADDED ENTRY--TOPICAL TERM
General subdivision Economic condtitions.
650 ## - SUBJECT ADDED ENTRY--TOPICAL TERM
General subdivision Politics and government.
Holdings
Withdrawn status Lost status Damaged status Home library Current library Shelving location Date acquired Cost, normal purchase price Total Checkouts Full call number Barcode Date last seen Price effective from Koha item type
      South Mansfield College South Mansfield College Filipiniana Section 02/14/2011 320.00   FIL HC 455 .A54 2007 SMC05514 03/03/2016 03/03/2016  

The Philippine economy :

APA

Angeles R., .The Philippine economy. Quezon City: .

Chicago

Angeles Rey, .The Philippine economy. Quezon City: .

Harvard

Angeles R., .The Philippine economy. Quezon City: .

MLA

Angeles Rey, .Quezon City: . .

  • Place hold
  • Print
  • Cite
  • Add to your cart (remove)
  • Save record
    BIBTEX Dublin Core MARCXML MARC (non-Unicode/MARC-8) MARC (Unicode/UTF-8) MARC (Unicode/UTF-8, Standard) MODS (XML) RIS
  • More searches
    Search for this title in:
    Other Libraries (WorldCat) Other Databases (Google Scholar) Online Stores (Bookfinder.com) Open Library (openlibrary.org)

Exporting to Dublin Core...

SOUTHVILLE LIBRARY

Southville International School and Colleges Library

1281 Tropical Ave. Cor. Luxembourg St., BF Homes International, Las Pinas City

Tel. No. 8256374 / 252358 Loc. 117/146

Powered by Koha